Statistics for Top 10 Argentinian PL scorers

Click here to take the quiz!

General Stats

  • This quiz has been taken 20 times
  • The average score is 4 of 10

Answer Stats

HintAnswer% Correct
120Aguero
100%
84Tevez
83%
20Crespo
50%
9Zabaleta
33%
15Rodriguez
28%
14Lanzini
28%
18Ulloa
22%
9Zarate
11%
8Arca
6%
14Di Santo
0%

Score Distribution

Percentile by Number Answered

Percent of People with Each Score

Your Score History

You have not taken this quiz